000
00205nam a22000977a 4500
082
_a
823
_b
PAI/P
100
_a
PAI, ANAND
245
_a
PANCHATANTRA- HOW THE JACKEL ATE
650
_a
ENGLISH STORY
942
_c
BK
999
_c
8782
_d
8782